[Event "Warsaw Legion op"]
[Site "Warsaw"]
[Date "1991.??.??"]
[Round "8"]
[White "Sherbakov, Ruslan"]
[Black "Kasperek, Ryszard"]
[Result "1-0"]
[WhiteElo "2505"]
[BlackElo "2335"]

1.d4 Nf6 2.c4 e6 3.Nc3 Bb4 4.Qc2 O-O 5.a3 Bxc3+ 6.Qxc3 b6 7.Bg5 Bb7 8.Nh3 h6
9.Bh4 c5 10.dxc5 bxc5 11.f3 Nc6 12.O-O-O Ba6 13.e3 Ne4 14.Qe1 g5 15.Bf2 Nxf2
16.Nxf2 f5 17.h4 gxh4 18.Qc3 Rf7 19.Nd3 Qa5 20.Qxa5 Nxa5 21.Ne5 Rg7 22.Rxh4 d5
23.Rxh6 Re8 24.Rh4 Bxc4 25.Bxc4 Nxc4 26.Nxc4 dxc4 27.Rd2 c3 28.bxc3 Rb8 29.Kc2 Rgb7
30.Rc4 Rb2+ 31.Kd1 Rb1+ 32.Ke2 R1b5 33.a4 Ra5 34.e4 Kf7 35.exf5 exf5 36.Rd5 Ke6
37.Rdxc5 Rxc5 38.Rxc5 Rb2+ 39.Kf1 f4 40.Rc7 Rc2 41.Kg1 a6 42.Rc4 Kf5 43.Rc5+ Ke6
44.Kh2 Rc1 45.Rc4 Kf5 46.Rc6 Kg5 47.Rc5+ Kf6 48.Kh3 Rc2 49.Ra5 Rxc3 50.Rxa6+ Kf5
51.Ra5+ Kf6 52.Ra8 Rc1 53.Kh2 Rc7 54.a5 Kg5 55.a6  1-0

[Event "Hoogovens-B"]
[Site "Wijk aan Zee"]
[Date "1991.??.??"]
[Round "7"]
[White "Barbero, Gerardo F"]
[Black "Winants, Luc"]
[Result "1-0"]
[WhiteElo "2495"]
[BlackElo "2505"]

1.d4 Nf6 2.c4 e6 3.Nc3 Bb4 4.Qc2 O-O 5.a3 Bxc3+ 6.Qxc3 d6 7.Bg5 Nbd7 8.e3 b6
9.Bd3 Bb7 10.f3 c5 11.Ne2 h6 12.Bh4 cxd4 13.exd4 d5 14.cxd5 Nxd5 15.Bxd8 Nxc3
16.Be7 Nxe2 17.Kxe2 Rfe8 18.Bh4 e5 19.Bb5 exd4+ 20.Kf2 Rac8 21.Bxd7 Rc2+
22.Kg3 Ree2 23.Kh3 g5 24.Bg3 Rxg2 25.Rae1 Rge2 26.Rxe2 Rxe2 27.Re1 Rxb2 28.Re8+ Kg7
29.Be5+ f6 30.Re7+ Kg6 31.Bxd4 Rd2 32.Be8+ Kf5 33.Bd7+ Kg6 34.Be8+ Kf5 35.Rxb7 Rxd4
36.Kg3 h5 37.Bxh5 Ra4 38.Rd7 Rxa3 39.Bf7 Ra5 40.Re7 Ra1 41.Bd5 Rg1+ 42.Kf2 Rd1
43.Bb3 Rd2+ 44.Ke3 Rxh2 45.Bc4 Kg6 46.Bd3+ f5 47.Re6+ Kf7 48.Bxf5 Ra2 49.Rc6 Ra5
50.Be4 Ra4 51.Rd6 Ra5 52.Kd4 Kg7 53.Rc6 Kf7 54.Bd5+ Kg7 55.Ke5 Rc5 56.Rd6 b5
57.Rd7+ Kg6 58.Rxa7 Kh5 59.Rh7+ Kg6 60.Rb7 Kh5 61.Kd6 Rc1 62.Rxb5 Re1 63.Be6 Kh4
64.Bg4 Re3 65.Re5 Ra3 66.Ke6 Rb3 67.Ra5 Rc3 68.Ra4 Re3+ 69.Kf6 Rc3 70.Be6+ Kh5
71.Bf7+ Kh6 72.Bd5 Rc5 73.Ke5 Rb5 74.Rg4 Ra5 75.Ke4 Rc5 76.Kd4 Ra5 77.Be4 Ra4+
78.Ke3 Ra3+ 79.Bd3 Ra7 80.Kf2 Rd7 81.Be2 Ra7 82.Re4 Kg6 83.Kg3 Ra1 84.Bd3 Kf6
85.Rb4 Rg1+ 86.Kf2 Rd1 87.Rb6+ Kf7 88.Be4 Rh1 89.Rg6  1-0

[Event "Zug"]
[Site "Zug"]
[Date "1991.??.??"]
[Round "9"]
[White "Horvath, Sandor"]
[Black "Sutter, Oliver"]
[Result "1/2-1/2"]
[WhiteElo "2250"]
[BlackElo "2250"]

1.d4 Nf6 2.c4 e6 3.Nc3 Bb4 4.Qc2 O-O 5.a3 Bxc3+ 6.Qxc3 b6 7.Bg5 Bb7 8.f3 d6
9.Nh3 Nbd7 10.e4 c5 11.Be2 h6 12.Be3 Qc7 13.O-O Rac8 14.Rac1 Rfd8 15.Rfd1 cxd4
16.Qxd4 Nc5 17.Qc3 d5 18.cxd5 exd5 19.Bd4 dxe4 20.Bxf6 gxf6 21.Qxf6 exf3
22.Bxf3 Bxf3 23.Qxf3 Rxd1+ 24.Rxd1 Ne6 25.Rf1 Qc5+ 26.Kh1 Rc7 27.Nf2 Ng5
28.Qg3 Kf8 29.Ng4 Rc6 30.h4 Qc4 31.Rf5 Ne4 32.Qb8+ Rc8 33.Qe5 Rc5 34.Qh8+ Ke7
35.Re5+ Rxe5 36.Qxe5+ Qe6 37.Qxe6+ Kxe6 38.Nxh6 Kf6 39.Kh2 Kg6 40.Ng8 Kh5
41.Kh3 f5 42.g3 Nf2+ 43.Kg2 Nd1 44.b3 Ne3+ 45.Kf3 Nd5 46.Ke2 Kg6  1/2-1/2

[Event "Simferopol/Alushta (Women)"]
[Site "Alushta"]
[Date "1992.??.??"]
[Round "?"]
[White "Zayac, Elena"]
[Black "Prudnikova, Svetlana"]
[Result "1-0"]
[WhiteElo "2350"]
[BlackElo "2335"]

1.d4 Nf6 2.c4 e6 3.Nc3 Bb4 4.Qc2 O-O 5.a3 Bxc3+ 6.Qxc3 b6 7.Bg5 Bb7 8.Nf3 d6
9.Nd2 Nbd7 10.f3 h6 11.Bh4 d5 12.cxd5 exd5 13.Bf2 c5 14.e3 cxd4 15.Qxd4 Nc5
16.Be2 Ne6 17.Qe5 d4 18.e4 Rc8 19.b4 Nd7 20.Qg3 d3 21.Bd1 Qf6 22.Rb1 Rc2
23.Be3 Ra2 24.Rb3 Bc6 25.O-O Ba4 26.Rxd3 Bb5 27.Rd6 Bxf1 28.Nxf1 Ra1  1-0

[Event "ARG-ch"]
[Site "ARG"]
[Date "1992.??.??"]
[Round "?"]
[White "Servat, Roberto"]
[Black "Slipak, Sergio"]
[Result "1/2-1/2"]
[WhiteElo "2395"]
[BlackElo "2430"]

1.d4 Nf6 2.c4 e6 3.Nc3 Bb4 4.Qc2 O-O 5.Nf3 d6 6.a3 Bxc3+ 7.Qxc3 b6 8.b3 Bb7
9.Bb2 Nbd7 10.e3 Ne4 11.Qc2 f5 12.Bd3 c5 13.O-O Rc8 14.Nd2 d5 15.f3 Qg5 16.f4 Qh6
17.Nxe4 fxe4 18.Be2 cxd4 19.Bxd4 Nc5  1/2-1/2

[Event "Asuncion"]
[Site "Asuncion"]
[Date "1992.??.??"]
[Round "7"]
[White "Patriarca, Luis"]
[Black "Playa, Marcelo"]
[Result "0-1"]
[WhiteElo "2300"]
[BlackElo "2390"]

1.c4 e6 2.Nc3 Nf6 3.d4 Bb4 4.Qc2 O-O 5.a3 Bxc3+ 6.Qxc3 b6 7.Bg5 Bb7 8.f3 h6
9.Bh4 c5 10.dxc5 bxc5 11.Nh3 Nc6 12.O-O-O Ne4 13.Qe1 Nf6 14.e3 d5 15.Be2 Ne5
16.Rg1 d4 17.Bf2 Qc7 18.exd4 cxd4 19.Rxd4 Ba6 20.Kb1 Bxc4 21.Bg3 Bd5 22.Bd1 Nfd7
23.Ba4 Qc5 24.Qb4 Qxb4 25.Rxb4 Rfc8 26.Rd1 Rc5 27.Nf4 Nb6 28.Nxd5 Nxd5 29.Rb5 Rxb5
30.Bxb5 Rb8 31.a4 f6 32.Re1 a6 33.Bxe5 fxe5 34.Bd7 Kf7 35.Rxe5 Nf4 36.Re4 Nd3
37.Re2 Rb6 38.Rd2 Nc5 39.a5 Rb7 40.Bc6 Rc7 41.Be4 Nxe4 42.fxe4 Rc5 43.b4 Rc4
44.Rb2 Rxe4 45.Kc2 e5 46.Kc3 Ke6 47.Rd2 Re1 48.Rd8 Rc1+ 49.Kb3 e4 50.Ra8 Kd7
51.Rxa6 e3 52.Ra7+ Kd6 53.Ra6+ Kd5 54.Ra8 Rb1+  0-1

[Event "Auckland"]
[Site "Auckland"]
[Date "1992.??.??"]
[Round "6"]
[White "Wallace, John Paul"]
[Black "Noble, Mark Frederick"]
[Result "0-1"]
[WhiteElo "2340"]
[BlackElo "2320"]

1.d4 Nf6 2.c4 e6 3.Nc3 Bb4 4.Qc2 O-O 5.a3 Bxc3+ 6.Qxc3 d6 7.Bg5 c5 8.dxc5 dxc5
9.e3 Nbd7 10.Bd3 b6 11.Ne2 Bb7 12.O-O-O Qc7 13.f3 b5 14.cxb5 Nd5 15.Qe1 c4
16.Bc2 h6 17.Bf4 e5 18.Bxh6 gxh6 19.Qg3+ Kh8 20.Qh3 Kg7 21.Qg4+ Kf6 22.e4 N5b6
23.Ng3 Ke7 24.Nf5+ Kd8 25.Nd6 Bd5 26.Qh4+ f6 27.Nf5 c3 28.Rxd5 cxb2+ 29.Kxb2 Rc8
30.Rxd7+ Nxd7 31.Qf2 Qc3+ 32.Kb1 Qxa3 33.Ne3 Rc5 34.Qe2 a6 35.Bd3 Rc3 36.Nc4 Rb3+
37.Kc2 Qa2+ 38.Kd1 Qa1+ 39.Kc2 Qc3+  0-1

[Event "AUT-chT"]
[Site "AUT"]
[Date "1992.??.??"]
[Round "?"]
[White "Kelecevic, Nedeljko"]
[Black "Grillitsch, Karl"]
[Result "1/2-1/2"]
[WhiteElo "2405"]
[BlackElo "2285"]

1.d4 Nf6 2.c4 e6 3.Nc3 Bb4 4.Qc2 O-O 5.Bg5 c5 6.dxc5 Na6 7.a3 Bxc3+ 8.Qxc3 Nxc5
9.f3 Nfe4 10.Bxd8 Nxc3 11.Be7 Nb3 12.Bxf8 Kxf8 13.Rd1 Nxd1 14.Kxd1 b6 15.Kc2 Na5
16.b3 Ba6 17.Nh3 Rc8 18.Kb2 Bb7 19.e3 d5 20.cxd5 Bxd5 21.b4 Nc4+ 22.Bxc4 Bxc4
23.Nf2 e5 24.Rd1 Ke7 25.f4 exf4 26.exf4 a5 27.Re1+ Kd7 28.bxa5 bxa5 29.Re5 a4
30.Ne4 Rb8+ 31.Kc1 Bb3 32.Kd2 Rc8 33.Rc5 Re8 34.Nc3 Ra8 35.Rb5 Kc6 36.Rb4 h6
37.f5 Ra5 38.Ne2 Bd5 39.Rg4 Kd6 40.Rxg7 Rb5 41.g4 Rb2+ 42.Ke3 Ke5 43.Rg8 Rb3+
44.Kd2 Rxa3 45.Re8+ Kf6 46.Nc3 Bc6 47.Rd8 Bg2 48.h4 Rb3 49.Rd6+ Kg7 50.g5 hxg5
51.hxg5 a3 52.Ra6 Bf1 53.Ra4 Bb5 54.Nxb5 Rxb5 55.g6 fxg6  1/2-1/2

[Event "AUT-chT"]
[Site "AUT"]
[Date "1992.??.??"]
[Round "?"]
[White "Kelecevic, Nedeljko"]
[Black "Farago, Ivan"]
[Result "1/2-1/2"]
[WhiteElo "2405"]
[BlackElo "2520"]

1.d4 Nf6 2.c4 e6 3.Nc3 Bb4 4.Qc2 O-O 5.a3 Bxc3+ 6.Qxc3 b6 7.Bg5 Bb7 8.f3 h6
9.Bh4 d5 10.Bxf6 Qxf6 11.cxd5 exd5 12.Qxc7 Ba6 13.Qe5 Qc6 14.Qf4 Re8 15.Nh3 Qg6
16.Qd2 Bxe2 17.Kf2 Bxf1 18.Rhxf1 Nc6 19.Rfe1 Qf6 20.Qf4 Qxd4+ 21.Qxd4 Nxd4
22.Rxe8+ Rxe8 23.Rd1 Ne6 24.Rxd5 Rc8 25.Rd2 Rc1 26.Ng1 Rb1 27.Ne2 Nc5 28.b4 Ne6
29.Nd4 Nxd4 30.Rxd4 Ra1 31.Rd8+ Kh7 32.Rd7 Rxa3 33.Rxf7 Ra2+ 34.Kg3 Kg6 35.Rb7 Kf6
36.h4 h5 37.b5 g6 38.Rd7 Ra5 39.Rd5 Ra2 40.Kh3 Ra3 41.Kg3 Ke6 42.Rg5 Kf6  1/2-1/2

[Event "Bad Woerishofen op"]
[Site "Bad Woerishofen"]
[Date "1992.??.??"]
[Round "5"]
[White "Wachinger, Guenther"]
[Black "Dokhoian, Yury"]
[Result "0-1"]
[WhiteElo "2260"]
[BlackElo "2545"]

1.d4 e6 2.c4 Nf6 3.Nc3 Bb4 4.Qc2 O-O 5.a3 Bxc3+ 6.Qxc3 b6 7.Bg5 Bb7 8.f3 c5
9.dxc5 bxc5 10.e3 a5 11.Nh3 d6 12.Rd1 Ra6 13.Be2 h6 14.Bxf6 Qxf6 15.Qxf6 gxf6
16.Nf4 Rb6 17.Rd2 Rd8 18.Nh5 Nd7 19.Kf2 Kf8 20.Rc1 Ke7 21.Nf4 Ne5 22.Nd3 Nxd3+
23.Bxd3 Rb8 24.Re1 Ba6 25.Rb1 f5 26.e4 fxe4 27.fxe4 Rb3 28.Kg1 R8b6 29.Kf2 Kf6
30.Ke1 Bb7 31.Ke2 Ke5 32.Ke3 Bxe4 33.Re1 f5  0-1

[Event "Baden-Baden"]
[Site "Baden-Baden"]
[Date "1992.??.??"]
[Round "6"]
[White "Hertneck, Gerald"]
[Black "Karpov, Anatoly"]
[Result "0-1"]
[WhiteElo "2540"]
[BlackElo "2785"]

1.d4 Nf6 2.c4 e6 3.Nc3 Bb4 4.Qc2 O-O 5.Nf3 c5 6.dxc5 Na6 7.g3 Nxc5 8.Bg2 Nce4
9.O-O Nxc3 10.bxc3 Be7 11.e4 d6 12.e5 dxe5 13.Nxe5 Qc7 14.Qe2 Bd6 15.Bf4 Ne8
16.Rab1 f6 17.Nd3 Qxc4 18.Bxd6 Nxd6 19.Rb4 Qc7 20.Nf4 Re8 21.Rd1 a5 22.Rbd4 Ra6
23.Qh5 Rf8 24.g4 a4 25.c4 Nf7 26.h4 Ra5 27.g5 Rf5 28.Nh3 g6 29.Qe2 fxg5 30.h5 Kg7
31.Be4 Rf6 32.Qg4 gxh5 33.Qxh5 Rh6 34.Qg4 Rh4 35.Qg2 e5 36.R4d3 g4 37.f4 exf4
38.Rd5 Qb6+ 39.c5 Qf6  0-1

[Event "Baden-Baden"]
[Site "Baden-Baden"]
[Date "1992.??.??"]
[Round "9"]
[White "Lutz, Christopher"]
[Black "Karpov, Anatoly"]
[Result "1/2-1/2"]
[WhiteElo "2550"]
[BlackElo "2715"]

1.d4 Nf6 2.c4 e6 3.Nc3 Bb4 4.Qc2 O-O 5.a3 Bxc3+ 6.Qxc3 b6 7.Bg5 Bb7 8.Nf3 d6
9.Nd2 h6 10.Bh4 Nbd7 11.e3 c5 12.dxc5 Nxc5 13.b4 Ncd7 14.f3 Re8 15.Qb2 Ne5
16.Be2 Ng6 17.Bg3 e5 18.O-O d5 19.Rfd1 Qe7 20.cxd5 Nxd5 21.Bf2 Rac8 22.Rac1 Rxc1
23.Rxc1 Rd8 24.Ne4 Bc8 25.Nc3 Nf6 26.e4 Be6 27.Rd1 Ne8 28.Rxd8 Qxd8 29.g3 Nd6
30.Qd2 Qc7 31.Nb5 Nxb5 32.Bxb5 Ne7 33.Bf1 Nc8 34.Be3 Nd6  1/2-1/2

[Event "Belgrade IKO"]
[Site "Belgrade"]
[Date "1992.??.??"]
[Round "9"]
[White "Iashvili, Akaki"]
[Black "Shipov, Sergei"]
[Result "0-1"]
[WhiteElo "2455"]
[BlackElo "2490"]

1.d4 Nf6 2.c4 e6 3.Nc3 Bb4 4.Qc2 O-O 5.a3 Bxc3+ 6.Qxc3 b6 7.Bg5 Bb7 8.f3 d5
9.e3 Nbd7 10.Nh3 h6 11.Bh4 c5 12.cxd5 cxd4 13.Qxd4 e5 14.Qd2 Bxd5 15.Bb5 Be6
16.O-O Nc5 17.Qe2 a6 18.Rad1 Qc8 19.Bc4 b5 20.Bxe6 Qxe6 21.Nf2 Rac8 22.Nd3 e4
23.Nxc5 Rxc5 24.Rd4 exf3 25.gxf3 Nd5 26.Re4 Qc6 27.Rd1 f5 28.Red4 f4 29.e4 Ne3
30.Rd6 Qe8 31.b4 Rh5 32.Qa2+ Kh7 33.Rd8 Qf7 34.Qxf7 Rxf7 35.Bf2 Rg5+ 36.Kh1 Nxd1
37.Rxd1 Rc7 38.Bc5 Rg6 39.Rd5 Kg8 40.Rd8+ Kf7 41.Rf8+ Ke6 42.Re8+ Kd7 43.Rf8 Kc6
44.h4 Rf6 45.Rxf6+ gxf6 46.Kg2 Rg7+ 47.Kf2 h5 48.Ke2 Kd7 49.Bf8 Rg2+ 50.Kd3 Rf2  0-1

[Event "Berliner Sommer"]
[Site "Berlin"]
[Date "1992.??.??"]
[Round "?"]
[White "Ivanov, Sergey"]
[Black "Kishnev, Sergey"]
[Result "1-0"]
[WhiteElo "2470"]
[BlackElo "2530"]

1.d4 Nf6 2.c4 e6 3.Nc3 Bb4 4.Qc2 O-O 5.a3 Bxc3+ 6.Qxc3 b6 7.Bg5 h6 8.Bh4 c5
9.dxc5 bxc5 10.e3 Bb7 11.f3 d6 12.O-O-O a5 13.Bxf6 gxf6 14.Nh3 Ra6 15.Nf4 Nd7
16.Nh5 Re8 17.Bd3 Kf8 18.Bc2 a4 19.Rd2 Ke7 20.Rhd1 Qc7 21.e4 Rg8 22.f4 Rb8
23.Qg3 Bc8 24.e5 fxe5 25.Qh4+ Kf8 26.Rxd6 Rxd6 27.Rxd6 exf4 28.Nxf4 Rb6 29.Qxh6+ Ke7
30.Rxe6+ fxe6 31.Ng6+ Kf6 32.Qh8+ Kf7 33.Qh7+  1-0

[Event "Bern op"]
[Site "Bern"]
[Date "1992.??.??"]
[Round "3"]
[White "Flear, Glenn C"]
[Black "Breyther, Ruediger"]
[Result "1-0"]
[WhiteElo "2495"]
[BlackElo "2325"]

1.d4 Nf6 2.c4 e6 3.Nc3 Bb4 4.Qc2 O-O 5.a3 Bxc3+ 6.Qxc3 b6 7.Bg5 Bb7 8.Nf3 d6
9.Nd2 Nbd7 10.f3 c5 11.e4 Re8 12.Be3 Rc8 13.Be2 d5 14.e5 Nxe5 15.dxe5 d4
16.Qb3 dxe3 17.Qxe3 Nd7 18.O-O-O Qc7 19.f4 f5 20.Rhg1 Nb8 21.g4 Nc6 22.Nf3 fxg4
23.Rxg4 Ne7 24.Bd3 Nf5 25.Bxf5 exf5 26.Rg5 Qf7 27.b3 Be4 28.Rgg1 Rcd8 29.Ng5 Qh5
30.Nxe4 fxe4 31.Rd5 Qxh2 32.Rgd1 Rxd5 33.cxd5 c4 34.bxc4 Rc8 35.Rd4 Qa2 36.Qxe4 Qxa3+
37.Kd2 Qb2+ 38.Ke3 Qc3+ 39.Ke2 Qb2+ 40.Rd2 Qb4 41.Rc2 b5 42.d6 bxc4 43.Qd5+  1-0

[Event "Bern op"]
[Site "Bern"]
[Date "1992.??.??"]
[Round "6"]
[White "Flear, Glenn C"]
[Black "Pichler, Juergen"]
[Result "1-0"]
[WhiteElo "2495"]
[BlackElo "2430"]

1.d4 Nf6 2.c4 e6 3.Nc3 Bb4 4.Qc2 O-O 5.a3 Bxc3+ 6.Qxc3 b6 7.Bg5 Bb7 8.Nf3 d6
9.Nd2 h6 10.Bh4 Nbd7 11.f3 c5 12.e4 Re8 13.Bf2 Rc8 14.Be2 cxd4 15.Qxd4 Qc7
16.O-O d5 17.exd5 exd5 18.Rfe1 Ba6 19.Bg3 Qc5 20.Qxc5 Nxc5 21.Bf1 dxc4 22.Nxc4 Nb3
23.Nd6 Bxf1 24.Rxe8+ Nxe8 25.Nxc8 Nxa1 26.Kxf1 Nb3 27.Bf2 Nc7 28.Nxa7 Ne6
29.Nc8 b5 30.Nd6 Nc7 31.Ke2 Kf8 32.Kd3 Ke7 33.Nxb5  1-0

[Event "Bern op"]
[Site "Bern"]
[Date "1992.??.??"]
[Round "8"]
[White "Chiong, Luiz"]
[Black "King, Daniel J"]
[Result "0-1"]
[WhiteElo "2350"]
[BlackElo "2505"]

1.d4 e6 2.c4 Nf6 3.Nc3 Bb4 4.Qc2 O-O 5.Nf3 c5 6.dxc5 Na6 7.g3 Nxc5 8.Bg2 Nce4
9.Bd2 Nxd2 10.Nxd2 Rb8 11.O-O b6 12.a3 Bxc3 13.Qxc3 Bb7 14.Rfd1 Bxg2 15.Kxg2 Qe7
16.Qf3 Rfc8 17.Rac1 Rc7 18.Rc3 Rbc8 19.Rd3 d6 20.Nf1 Rxc4 21.Rxd6 Nd5 22.R6xd5 exd5
23.Ne3 R4c5 24.b4 R5c6 25.Nxd5 Qe5 26.Ne3 Re6 27.Qb7 Rf8 28.Qxa7 f5 29.Rd2 f4
30.Nf1 fxg3 31.hxg3 Qf5 32.e3 Qf3+ 33.Kg1 Rh6 34.Nh2 Qh5 35.f4 Re8 36.Nf1 Qh1+
37.Kf2 Rh2+ 38.Nxh2 Qxh2+ 39.Ke1 Qg1+  0-1

[Event "SWE-ch"]
[Site "Borlange"]
[Date "1992.??.??"]
[Round "1"]
[White "Wiedenkeller, Michael"]
[Black "Jepson, Christian"]
[Result "1/2-1/2"]
[WhiteElo "2435"]
[BlackElo "2310"]

1.d4 Nf6 2.c4 e6 3.Nc3 Bb4 4.Qc2 O-O 5.a3 Bxc3+ 6.Qxc3 b5 7.cxb5 c6 8.Bg5 cxb5
9.e3 Bb7 10.Nf3 h6 11.Bh4 a6 12.Bd3 d6 13.O-O g5 14.Bg3 Nh5 15.Rac1 Nc6 16.Bb1 Ne7
17.Qc7 Nxg3 18.hxg3 Rb8 19.Nd2 Qxc7 20.Rxc7 Nd5 21.Rd7 Rfd8 22.Rxd8+ Rxd8
23.Rc1 Nb6 24.Rc7 Rd7 25.Rxd7 Nxd7 26.Be4 Bc8  1/2-1/2

[Event "SWE-chB"]
[Site "Borlange"]
[Date "1992.??.??"]
[Round "5"]
[White "Nordstrom, Felix"]
[Black "Backe, Peter"]
[Result "1/2-1/2"]
[WhiteElo "2220"]
[BlackElo "2260"]

1.d4 Nf6 2.c4 e6 3.Nc3 Bb4 4.Qc2 O-O 5.a3 Bxc3+ 6.Qxc3 b6 7.Bg5 Bb7 8.e3 d6
9.f3 Nbd7 10.Bd3 c5 11.Ne2 Rc8 12.Qd2 h6 13.Bh4 Ba6 14.Rc1 Re8 15.O-O cxd4
16.exd4 e5 17.b3 d5 18.cxd5 Bxd3 19.Qxd3 exd4 20.Nxd4 Nc5 21.Qf5 g5 22.Bxg5 hxg5
23.Qxg5+ Kh8 24.b4 Nxd5 25.Qh6+ Kg8 26.Nf5 Ne6 27.Rxc8 Qxc8 28.Nd6 Qd7 29.Nxe8 Qxe8
30.Re1 Qc6 31.h3 Ndf4 32.Qh4 Qc2 33.Qg3+ Kf8 34.Kh2 Qc3 35.Re4 Qxa3 36.Rxf4 Nxf4
37.Qxf4 a5 38.bxa5 bxa5 39.h4 Qb4 40.Qh6+ Kg8 41.Qg5+ Kh7 42.Qh5+  1/2-1/2

[Event "Multicoop op"]
[Site "Budapest"]
[Date "1992.??.??"]
[Round "2"]
[White "Dao Thien Hai"]
[Black "Orso, Miklos"]
[Result "1-0"]
[WhiteElo "2205"]
[BlackElo "2380"]

1.d4 Nf6 2.c4 e6 3.Nc3 Bb4 4.Qc2 O-O 5.a3 Bxc3+ 6.Qxc3 Qe8 7.f3 d6 8.e4 e5
9.dxe5 dxe5 10.Be3 Qe7 11.c5 Nc6 12.Bc4 a5 13.Ne2 a4 14.O-O Be6 15.Bb5 Nd7
16.f4 Bg4 17.Ng3 exf4 18.Rxf4 Be6 19.Raf1 Nde5 20.Nf5 Bxf5 21.exf5 Rfd8 22.Re4 f6
23.Qc2 Kf8 24.Bxa4 Qf7 25.Bb3 Qd7 26.h3 Ne7 27.Rxe5 fxe5 28.f6 gxf6 29.Rxf6+  1-0

[Event "Budapest Nuovo-B"]
[Site "Budapest"]
[Date "1992.??.??"]
[Round "2"]
[White "Skomorokhin, Roman"]
[Black "Madl, Ildiko"]
[Result "1/2-1/2"]
[WhiteElo "2310"]
[BlackElo "2375"]

1.d4 Nf6 2.c4 e6 3.Nc3 Bb4 4.Qc2 O-O 5.a3 Bxc3+ 6.Qxc3 b6 7.Bg5 Bb7 8.f3 c5
9.dxc5 bxc5 10.e3 Nc6 11.Nh3 h6 12.Bxf6 Qxf6 13.Qxf6 gxf6 14.O-O-O Rfd8 15.Nf2 Na5
16.h4 Rab8 17.h5 Bc6 18.Rh4 f5 19.Be2 Kf8 20.Rf4 Ba4 21.Rd6 Nc6 22.g4 Ke7
23.Rd2 fxg4 24.fxg4 Ne5 25.Nd3  1/2-1/2

[Event "Budapest Nuovo"]
[Site "Budapest"]
[Date "1992.??.??"]
[Round "2"]
[White "Baburin, Alexander"]
[Black "Luther, Thomas"]
[Result "1-0"]
[WhiteElo "2490"]
[BlackElo "2490"]

1.d4 e6 2.c4 Nf6 3.Nc3 Bb4 4.Qc2 O-O 5.a3 Bxc3+ 6.Qxc3 b6 7.Bg5 h6 8.Bh4 Bb7
9.e3 c5 10.dxc5 bxc5 11.Nf3 g5 12.Bg3 Ne4 13.Qc2 Qa5+ 14.Nd2 Qxd2+ 15.Qxd2 Nxd2
16.Kxd2 a5 17.f3 a4 18.h4 g4 19.fxg4 Nc6 20.g5 Na5 21.Rd1 Be4 22.gxh6 Kh7
23.Ke1 Ra7 24.Bd6 Rc8 25.Be2 Rb7 26.Be5 Kxh6 27.Rg1 Rg8 28.g4 d5 29.g5+ Kh7
30.cxd5 exd5 31.Bc3 Nc6 32.Rxd5 Bxd5 33.Bd3+ Rg6 34.h5 Re7 35.hxg6+ fxg6
36.Kd2 Ne5 37.Bxe5 Rxe5 38.Bc2 Bc6 39.Rg4 Bd7 40.Re4 Rd5+ 41.Kc3 Kg8 42.Re7 Kf8
43.Be4 Rd1 44.Kc2 Rd6 45.Re5 Be6 46.Rxc5 Bb3+ 47.Kc3 Re6 48.Kd4 Rd6+ 49.Kc3 Re6
50.Kd4 Rd6+ 51.Bd5 Bxd5 52.Rxd5 Rb6 53.Ke4 Rxb2 54.Ra5 Rf2 55.Ra8+ Kf7 56.Ra7+ Kf8
57.Rxa4 Rf5 58.Ra7 Rxg5 59.a4 Ke8 60.a5 Kd8 61.Kd4 Rg1  1-0

[Event "Budapest Nuovo"]
[Site "Budapest"]
[Date "1992.??.??"]
[Round "8"]
[White "Kelecevic, Nedeljko"]
[Black "Luther, Thomas"]
[Result "1/2-1/2"]
[WhiteElo "2405"]
[BlackElo "2490"]

1.d4 Nf6 2.c4 e6 3.Nc3 Bb4 4.Qc2 O-O 5.Bg5 d6 6.e3 h6 7.Bh4 b6 8.Be2 Ba6
9.Nf3 Nbd7 10.O-O Bxc3 11.Qxc3 g5 12.Bg3 Ne4 13.Qc2 f5 14.Nd2 Ndf6 15.Bd3 Bb7
16.Rfe1 Nxd2 17.Qxd2 Ne4 18.Qc2 Qf6 19.f3 Nxg3 20.hxg3 c5 21.Kh2 Rae8 22.Rad1 Re7
23.Qf2 h5 24.dxc5 dxc5 25.e4 f4 26.e5 fxg3+ 27.Qxg3 Qf4 28.Be4 Bxe4 29.Rxe4 Qxg3+
30.Kxg3 Kg7 31.Kf2 Kg6 32.Ke3 h4 33.a3 Rff7 34.Rd8 Rd7 35.Rg8+ Rg7 36.Rf8 Rgf7
37.Rg8+ Rg7 38.Rf8 Rgf7 39.Rg8+  1/2-1/2

[Event "Wch U20"]
[Site "Buenos Aires"]
[Date "1992.??.??"]
[Round "?"]
[White "Escobedo Tinajero, Alberto"]
[Black "Silva, Sebastain"]
[Result "1/2-1/2"]
[WhiteElo "2265"]
[BlackElo "2380"]

1.d4 Nf6 2.c4 e6 3.Nc3 Bb4 4.Qc2 O-O 5.a3 Bxc3+ 6.Qxc3 b6 7.Bg5 Bb7 8.f3 d5
9.e3 Nbd7 10.cxd5 exd5 11.Bd3 h6 12.Bh4 Re8 13.Bf2 c5 14.Ne2 Rc8 15.Qd2 Nf8
16.O-O Ne6 17.Ng3 g6 18.Rac1 Qd6 19.Rfe1 Kg7 20.dxc5 bxc5 21.Bf5 Rcd8 22.e4 dxe4
23.Qxd6 Rxd6 24.Bxe6 Rdxe6 25.Bxc5 exf3 26.Rxe6 Rxe6 27.gxf3 a6 28.Bd4 Kf8
29.Kf2 Bc6 30.Ne2 Nd5 31.Bc5+ Ke8 32.Nd4 Rf6 33.Nxc6 Rxc6 34.Be3 Rxc1 35.Bxc1 g5
36.Ke2 Kd7 37.Kd3 f6 38.Kd4 Kd6 39.Bd2 h5 40.b4 g4 41.fxg4 hxg4 42.a4 f5
43.b5 axb5 44.axb5 f4 45.Be1 Ne3 46.Bb4+ Kc7 47.Ba5+ Kb7 48.Ke4 Nf1 49.Kxf4 Nxh2
50.Kg3 Nf3  1/2-1/2

[Event "Wch U20"]
[Site "Buenos Aires"]
[Date "1992.??.??"]
[Round "?"]
[White "Escobedo Tinajero, Alberto"]
[Black "Zarnicki, Pablo"]
[Result "0-1"]
[WhiteElo "2265"]
[BlackElo "2455"]

1.d4 Nf6 2.c4 e6 3.Nc3 Bb4 4.Qc2 O-O 5.Nf3 c5 6.dxc5 Na6 7.a3 Bxc3+ 8.Qxc3 Nxc5
9.b4 Nce4 10.Qc2 a5 11.Rb1 axb4 12.axb4 d5 13.Ng5 Nxg5 14.Bxg5 h6 15.Bh4 dxc4
16.Qxc4 b5 17.Qc2 Qd4 18.Bxf6 Qxf6 19.f3 Rd8 20.e3 Ra1 21.Bd3 Ra3 22.Rd1 Qg5
23.Kf2 g6 24.f4 Qh4+ 25.g3 Qe7 26.Bxb5 Bb7 27.Rxd8+ Qxd8 28.Rd1 Qa8 29.Qc7 Ra2+
30.Ke1 Bd5 31.Be2 Qa3 32.Qc5 Qb2 33.Qb5 Bf3 34.Rd8+ Kh7 35.Kf2 Bxe2 36.Qe5 Qxe5
37.fxe5 Rb2 38.Rd7 Kg7 39.Rb7 Bb5+ 40.Ke1 Rxb4 41.Kd2 Rb3 42.Kc2 Ba4 43.Rxb3 g5
44.Kc3 Bxb3 45.Kxb3 Kg6 46.Kc4 Kf5 47.Kd4 Kg4 48.Kc5 Kf3 49.Kd6 Kxe3 50.Ke7 Ke4
51.Kxf7 Kxe5 52.Kg6 g4  0-1

[Event "Wch U20"]
[Site "Buenos Aires"]
[Date "1992.??.??"]
[Round "?"]
[White "Annakov, Babakuli"]
[Black "Playa, Marcelo"]
[Result "1-0"]
[WhiteElo "2315"]
[BlackElo "2380"]

1.d4 Nf6 2.c4 e6 3.Nc3 Bb4 4.Qc2 O-O 5.Nf3 c5 6.dxc5 Na6 7.Bg5 Nxc5 8.Nd2 d6
9.e3 e5 10.Be2 Be6 11.O-O Bxc3 12.bxc3 h6 13.Bh4 Ncd7 14.f4 exf4 15.exf4 Nc5
16.Rad1 Rc8 17.Kh1 Bd7 18.Nb3 Ba4 19.Rd4 Qe7 20.Bf3 Rfe8 21.Qb1 Ne6 22.Re1 Qf8
23.Bxf6 gxf6 24.Rde4 Bc6 25.R4e3 Bxf3 26.Rxf3 Rxc4 27.Nd2 Rc7 28.Ne4 Qe7
29.Ng3 f5 30.Qxf5 Rc5 31.Qg4+ Kf8 32.f5 Qg5 33.Qb4 Nc7 34.Ref1 Nd5 35.Qxb7 Nxc3
36.Qxa7 Nb5 37.Qa4 h5 38.Ne4 Qh4 39.Nxc5  1-0

[Event "Wch U20"]
[Site "Buenos Aires"]
[Date "1992.??.??"]
[Round "?"]
[White "Hsu Li Yang"]
[Black "Playa, Marcelo"]
[Result "0-1"]
[WhiteElo "2455"]
[BlackElo "2380"]

1.d4 Nf6 2.c4 e6 3.Nc3 Bb4 4.Qc2 O-O 5.a3 Bxc3+ 6.Qxc3 b6 7.Bg5 Bb7 8.Nf3 d6
9.e3 Nbd7 10.Rd1 Qe7 11.Bd3 e5 12.dxe5 dxe5 13.Bf5 Rad8 14.Bxd7 Bxf3 15.gxf3 Rxd7
16.Rxd7 Qxd7 17.Qxe5 Re8 18.Qc3 Qf5 19.Bxf6 Qb1+ 20.Ke2 Qxh1 21.Bxg7 Qxh2
22.Bf6 Qh5 23.Qd4 Qf5 24.e4 h5 25.Bh8 Qg6 26.Bf6 Kh7 27.Qd7 Rg8 28.Qe7 Kh6
29.f4 Qg4+ 30.Ke3 Qe6 31.Qxe6 fxe6 32.Kd4 Rg4 33.f5 exf5 34.f3 Rg3 35.exf5 Rxf3
36.Ke4 Rf2 37.b4 Kh7 38.Ke5 Re2+ 39.Kd5 Rd2+ 40.Ke6 Kg8 41.Bg5 Rc2 42.f6 Re2+
43.Kd5 Kf7 44.Bf4 Kxf6 45.Bxc7 Ra2 46.c5 bxc5 47.bxc5 Ke7 48.c6 h4 49.Bf4 h3  0-1

[Event "Wch U20"]
[Site "Buenos Aires"]
[Date "1992.??.??"]
[Round "?"]
[White "Kahn, Evarth"]
[Black "Stefansson, Hannes"]
[Result "1/2-1/2"]
[WhiteElo "2390"]
[BlackElo "2500"]

1.d4 Nf6 2.c4 e6 3.Nc3 Bb4 4.Qc2 O-O 5.Bg5 d6 6.e3 Nbd7 7.Bd3 h6 8.Bh4 b6
9.Ne2 Bb7 10.O-O d5 11.Rac1 Be7 12.Rfd1 a6 13.e4 dxc4 14.Bxc4 b5 15.Bd3 Rc8
16.e5 Nd5 17.Bxe7 Qxe7 18.Nxd5 Bxd5 19.Nc3 c5 20.Nxd5 exd5 21.Bf5 cxd4 22.Qxc8 Rxc8
23.Rxc8+ Nf8 24.Re1 g6 25.e6 Kg7 26.Rc7 Qxc7 27.e7 gxf5 28.e8=Q Ne6 29.Qa8 Nf4
30.g3 d3 31.gxf4 d2 32.Rf1 Qc4 33.Qxa6 Qxf1+ 34.Kxf1 d1=Q+ 35.Kg2 Qg4+ 36.Kf1 Qd1+
37.Kg2 d4 38.Qxb5 Qg4+ 39.Kf1 Qd1+ 40.Kg2 d3 41.Qe5+ Kg8 42.Qe8+ Kg7 43.Qe5+ Kg6
44.Qd6+ Kh7 45.Qd5 Kg6 46.Qd6+ Kh5 47.Qd5 Qg4+ 48.Kh1 Qh3 49.Kg1 Kg4 50.Qd4 Qf3
51.Qg7+ Kxf4 52.Qxh6+ Ke5 53.Qh8+ Ke6 54.Qe8+ Kf6 55.Qh8+ Ke7 56.Qe5+ Kd7
57.Qb5+ Ke6 58.Qe8+  1/2-1/2

[Event "Buenos Aires Najdorf qual"]
[Site "Buenos Aires"]
[Date "1992.??.??"]
[Round "9"]
[White "Amura, Claudia Noemi"]
[Black "Bronstein, Luis"]
[Result "0-1"]
[WhiteElo "2355"]
[BlackElo "2365"]

1.d4 Nf6 2.c4 e6 3.Nc3 Bb4 4.Qc2 O-O 5.a3 Bxc3+ 6.Qxc3 b5 7.cxb5 c6 8.Bg5 cxb5
9.e3 Bb7 10.Nf3 a6 11.Be2 Nc6 12.O-O Rc8 13.Qd3 Ne7 14.Rfc1 Be4 15.Qd1 Rxc1
16.Rxc1 Qa8 17.Ne5 Rd8 18.f3 Bb7 19.Qe1 d6 20.Bxf6 gxf6 21.Ng4 f5 22.Nf6+ Kg7
23.Nxh7 Ng6 24.Ng5 Qb8 25.a4 bxa4 26.Qa5 Rc8 27.Rc3 Rxc3 28.bxc3 Bc6 29.Kf2 Kf6
30.f4 Qb7 31.Qd8+ Kg7 32.Qxd6 Bxg2 33.Kg3 Bh1 34.Bf3  0-1